00598nam a22001817a 450000500170000001000150001702000260003203500130005803700130007108200080008410000160009224501300010826000310023827000780026930000260034750000190037370000240039220150515121706.0 aENG-112298 a9781138796041c795.00 aEN-95830 bDBAD/PUB a909 aChari, P.R. aSino-Indian and Sino-South Korean relations :bcompulsions,comparisons and contrasts /cby P.R.Chari [and] Vyjayanti Raghavan aNew DelhibRoutledgec2015 a912,Tolstoy House, 15-17 Tolstoy Marg, Connaught PlacebNew Delhie110001 aviii,268p. c22cm(Hb) aIncludes index aRaghavan, Vyjayanti